[Event "Landesliga U20 Sued 1718"]
[Site "Bayern"]
[Date "2018.03.10"]
[Round "6.4"]
[White "Zicker, Oliver"]
[Black "Hobmeier, Luis"]
[Result "1/2-1/2"]
[WhiteElo "1325"]
[BlackElo "1578"]
[PlyCount "69"]
[EventDate "2017.11.18"]
[EventType "team-tourn"]
[EventRounds "7"]
[EventCountry "GER"]
[SourceTitle "EXT 2022"]
[Source "ChessBase"]
[SourceDate "2021.10.06"]
[SourceVersion "1"]
[SourceVersionDate "2021.10.06"]
[SourceQuality "1"]
[WhiteTeam "Sendling SC U20"]
[BlackTeam "Moosburg SC U20"]
[WhiteTeamCountry "GE2"]
[BlackTeamCountry "GER"]

1. d4 d5 2. c4 e6 3. Nc3 Nf6 4. Bg5 Be7 5. Nf3 b6 6. Ne5 0-0 7. e3 Nbd7 8. Nc6 Qe8 9. Nb5 Nb8 10. Nxe7+ Qxe7 11. Bxf6 gxf6 12. cxd5 exd5 13. Rc1 c6 14. Nc3 Bf5 15. Bd3 Bg6 16. Qg4 Qe8 17. 0-0 Kh8 18. Bf5 Rg8 19. Rfe1 Qe7 20. a3 Bxf5 21. Qxf5 Qe6 22. Qf3 Nd7 23. g3 Rg6 24. Ne2 Qd6 25. Nf4 Rgg8 26. b4 b5 27. Rc2 Nb6 28. Rec1 Nc4 29. Nh5 Rg6 30. h4 Rc8 31. Qf5 Qe6 32. Qf4 Qe4 33. Qxe4 dxe4 34. Nf4 Rgg8 35. Nh5 1/2-1/2